00265nam a2200085Ia 4500008004100000041000800041100002300049245007000072260003700142241105s9999 xx 000 0 und d aeng aBhavthankar Monica aPaithani Kalagruha Centre For Traditional Art Of Paithani At Pune bFinal Year B.Arch ID, Punec2014